The garden of paradise / (Record no. 7016)

MARC details
000 -LEADER
fixed length control field 01361nam a22002777a 4500
001 - CONTROL NUMBER
control field 7016
003 - CONTROL NUMBER IDENTIFIER
control field FISKH
005 - DATE AND TIME OF LATEST TRANSACTION
control field 20250617144331.0
008 - FIXED-LENGTH DATA ELEMENTS--GENERAL INFORMATION
fixed length control field 250617b cb ||||| |||| 00| 0 eng d
020 ## - INTERNATIONAL STANDARD BOOK NUMBER
International Standard Book Number 9788956353968
040 ## - CATALOGING SOURCE
Original cataloging agency FISKH
Language of cataloging eng
Transcribing agency FISKH
Modifying agency FISKH
050 ## - LIBRARY OF CONGRESS CALL NUMBER
Classification number PZ7
082 ## - DEWEY DECIMAL CLASSIFICATION NUMBER
Classification number 398.2
100 ## - MAIN ENTRY--PERSONAL NAME
Personal name Andersen, Hans Christian
245 ## - TITLE STATEMENT
Title The garden of paradise /
Statement of responsibility, etc. HC Andersen
260 ## - PUBLICATION, DISTRIBUTION, ETC.
Place of publication, distribution, etc. Seoul :
Name of publisher, distributor, etc. E-Future,
Date of publication, distribution, etc. 2009
300 ## - PHYSICAL DESCRIPTION
Extent 24 pages :
Other physical details color illustrations ;
Dimensions 21 cm
490 ## - SERIES STATEMENT
Series statement My first classic readers :
Volume/sequential designation Level 3-10
505 ## - FORMATTED CONTENTS NOTE
Formatted contents note G<br/><br/>
520 ## - SUMMARY, ETC.
Summary, etc. A curious young prince, despite owning the finest books, yearns to find the legendary Garden of Paradise. One stormy night, he stumbles into a cavern where the Mother of the Winds and her four wind-children gather. They recount their travels across deserts, seas, and distant lands, guiding him on a journey toward the mythical garden. At last, the East Wind carries him into a radiant paradise, where he must resist the temptation of the Tree of Knowledge. Gide to temptation, he awakens back in the cavern—reflecting on the moral that innocence and wisdom are intertwined with restraint and mortality
521 8# - TARGET AUDIENCE NOTE
Target audience note 380<br/>
Source Lexile estimate <br/>
521 8# - TARGET AUDIENCE NOTE
Target audience note G<br/>
Source Raz-Plus<br/>
650 ## - SUBJECT ADDED ENTRY--TOPICAL TERM
Topical term or geographic name entry element Fairy Tale
Form subdivision Fantasy
General subdivision Morality Tale
942 ## - ADDED ENTRY ELEMENTS (KOHA)
Source of classification or shelving scheme Dewey Decimal Classification
Koha item type Books
Suppress in OPAC No
Holdings
Withdrawn status Lost status Source of classification or shelving scheme Damaged status Not for loan Collection Home library Current library Shelving location Date acquired Total Checkouts Full call number Barcode Date last seen Date last checked out Copy number Price effective from Koha item type
    Dewey Decimal Classification     Juvenile Fiction Footprints International School Library Network Toul Kork Campus Footprints International School Library Network Toul Kork Campus TK Primary Library Room(4th Floor), Bookcase 1&2, Shelves 1-16, Dark Blue Books 06/17/2025 1 AND 398.2 PZ7 FISBK072657 10/16/2025 10/09/2025 1 06/17/2025 Books